000 00345nam a2200157Ia 4500
003 Ost
005 20260225132554.0
008 260225s9999||||xx |||||||||||||| ||und||
040 _cfsic
041 _afre
082 _a440
100 _aAlvin toffer
_eAuteur
245 0 _aLes Nouveaux pouvoirs /
245 0 _cAlvin toffer
942 _cكتاب
999 _c34323
_d34323